[Event "ESP-ch U14"]
[Site "Salobrena"]
[Date "2023.07.17"]
[Round "1"]
[White "Cesar Maestre, Eduardo"]
[Black "Mukhtarkhan, Arailym"]
[Result "1-0"]
[WhiteElo "1786"]
[BlackElo "1356"]
[PlyCount "77"]
[EventDate "2023.07.17"]
[EventType "swiss"]
[EventRounds "9"]
[EventCountry "ESP"]
[SourceTitle "EXT 2024"]
[Source "ChessBase"]
[SourceDate "2023.10.10"]
[SourceVersion "1"]
[SourceVersionDate "2023.10.10"]
[SourceQuality "1"]

1. e4 c5 2. g3 g6 3. Bg2 Bg7 4. Ne2 Nc6 5. c3 Qb6 6. 0-0 e6 7. Na3 Nge7 8. Nc4 Qc7 9. Ne3 0-0 10. f4 d6 11. d4 f5 12. exf5 Nxf5 13. Nxf5 gxf5 14. d5 Ne7 15. c4 e5 16. fxe5 Bxe5 17. Qc2 Ng6 18. Nf4 Nxf4 19. Bxf4 Qg7 20. Rae1 Re8 21. Bh3 Kh8 22. Bxe5 Rxe5 23. Rxe5 Qxe5 24. Bxf5 Bxf5 25. Rxf5 Qd4+ 26. Qf2 Qxf2+ 27. Rxf2 Kg7 28. Re2 Kf7 29. Re6 Rd8 30. Kf2 Rd7 31. Ke3 a5 32. b3 b6 33. Kd3 Rd8 34. Kc3 Rd7 35. Kb2 Re7 36. Rxe7+ Kxe7 37. Ka3 Kd7 38. Ka4 Kc7 39. Kb5 1-0

[Event "ESP-ch U12"]
[Site "Salobrena"]
[Date "2022.07.13"]
[Round "5"]
[White "Mukhtarkhan, Arailym"]
[Black "Odriozola Coscolin, Dani"]
[Result "0-1"]
[WhiteElo "1243"]
[BlackElo "1634"]
[PlyCount "136"]
[EventDate "2022.07.04"]
[EventType "swiss"]
[EventRounds "9"]
[EventCountry "ESP"]
[SourceTitle "EXT 2023"]
[Source "ChessBase"]
[SourceDate "2022.10.05"]
[SourceVersion "1"]
[SourceVersionDate "2022.10.05"]
[SourceQuality "1"]

1. e4 c5 2. Nf3 Nc6 3. d4 cxd4 4. Nxd4 g6 5. Nc3 Bg7 6. Be3 Nf6 7. Bc4 Qa5 8. f3 Qb4 9. Bb3 Nxe4 10. fxe4 Bxd4 11. Bd2 Bxc3 12. Bxc3 Qxe4+ 13. Qe2 Qxe2+ 14. Kxe2 0-0 15. h4 d6 16. Kf2 h5 17. Rhe1 Bg4 18. Bd5 Be6 19. Bf3 Rac8 20. a3 Rfd8 21. Be4 Rd7 22. Kg1 Bf5 23. Bxf5 gxf5 24. Re3 f4 25. Rf3 f6 26. Rxf4 Kf7 27. Rf5 Ne5 28. Rd1 Kg6 29. Rf2 Rdc7 30. Re1 Rc4 31. g3 R8c7 32. Kg2 Rc8 33. Bxe5 dxe5 34. c3 Rd8 35. Ree2 Rc6 36. Kh3 Rcd6 37. Kg2 Rd3 38. Re4 Rc8 39. Rb4 Rc7 40. Ra4 a6 41. Re4 b5 42. Rfe2 Kf5 43. R4e3 Rxe3 44. Rxe3 Rd7 45. Kf3 Rd2 46. Re2 Rd1 47. Kf2 a5 48. Ke3 a4 49. Rc2 Rd5 50. Re2 e4 51. Kf2 Ke5 52. Kg2 f5 53. Kf2 Rd3 54. Re1 Rd2+ 55. Re2 Rxe2+ 56. Kxe2 Kd5 57. Ke3 e5 58. g4 fxg4 59. c4+ bxc4 60. b3 cxb3 61. Kd2 g3 62. Kc1 g2 63. Kd2 g1Q 64. Ke2 Qg3 65. Kf1 b2 66. Ke2 b1Q 67. Kd2 Qb2+ 68. Kd1 Qg1# 0-1